Responses for Show #4818 - Wednesday, July 13, 2005

David Madden game 7.

Contestants

[<< previous game]

Evan Kleber, a stay-at-home dad and mortgage broker from Del Mar, California

Audrey Golub, an educator from Philadelphia, Pennsylvania

David Madden, a student originally from Ridgewood, New Jersey (whose 6-day cash winnings total $155,500)

[next game >>]

Jeopardy! Round responses

AROUND NEW YORK
ROYALTEASE
BRAND NAMES
OPERA CROSSWORD CLUES "C"
STUFF
NOUN TO VERB
    $200 25
34th

David
    $200 24
Germany

David
    $200 28
Band-Aids

David
    $200 26
Caruso

Evan
    $200 2
playing cards

David
    $200 14
(Evan: What is frost?)

ice

AudreyEvan
    $400 20
the Metropolitan Museum of Art

David
    $400 23
(Evan: Who was Joan of Arc?)

Lady Jane Grey

Evan
Triple Stumper
    $400 29
Gold Medal

Evan
    $400 19
Copenhagen

David
    $400 10
(Audrey: What are glow lights?)

lava lamps

AudreyEvan
    $1,400 15
(Alex: Way to go. Three identical scores and break time for us. Put your signaling button down, you won't need it for a couple of minutes. We'll be back.)

Google

Audrey
    $600 8
42nd Street

David
    $600 22
Catherine & Peter

David
    $600 30
Johnny Walker

Evan
    $600 7
Carmen

David
    $600 6
the shotput & the hammer

David
    $600 16
detail

Triple Stumper
    $800 1
diamonds

Evan
    $800 9
France

Audrey
    $800 13
Kozy Shack

Audrey
    $800 4
Callas

David
    $800 11
New Mexico

Evan
    $800 12
(Alex: Prissy, who "don't know nothin' 'bout [*]in' babies." [*].)

birth

Triple Stumper
    $1000 3
Canal Street

David
    $1000 21
Jezebel

Triple Stumper
    $1000 27
Callaway

David
    $1000 5
(David: What is coluratura?)

contralto

DavidEvan
    $1000 18
barbed wire

David
    $1000 17
grandfather

Evan

Scores at the first commercial break (after clue 15):

David Audrey Evan
$2,800 $2,800 $2,800

Scores at the end of the Jeopardy! Round:

David Audrey Evan
$6,800 $2,800 $4,600

Double Jeopardy! Round responses

BOTANY
KILLER BANDS
IN THE BOOKSTORE
ROADSIDE ATTRACTIONS
IF I'M ELECTED...
YOU GET MY "VOLT"
    $400 1
mistletoe

David
    $400 3
the Oakland Athletics

David
    $400 28
milk

Evan
    $400 24
the Republican

David
    $400 25
revolt

Evan
    $800 15
water

Evan
    $800 27
The Silver Bullet Band

David
    $800 29
[The end-of-round signal sounds.]

Fast Food Nation

David
    $400 23
(Alex: Kansas is the [*] State, so that's a good guess.)

sunflowers

David
    $800 9
the Senate

David
    $800 20
voltmeter

Evan
    $1200 13
bamboo

Triple Stumper
    $1200 26
The Fine Young Cannibals

Evan
    $1200 12
Keeping the Faith

Triple Stumper
    $1200 4
muskellunge

Evan
    $1200 5
the Ukraine

David
    $1200 11
Voltaire

Evan
    $5,000 14
(Evan: What is fig?)
(Alex: Oh, no. What is the India [*]? [*]. That's why we put in the elastica and the "stretch" part.)

rubber plant

Evan
    $1600 22
anthrax

David
    $1600 21
The Secret Life of Bees

Triple Stumper
    $1600 2
jackalope

Evan
    $1600 6
(Evan: What is Virginia?)
(David: What is Plymouth?)

the Massachusetts Bay Colony

DavidEvan
Triple Stumper
    $1600 10
Upper Volta

David
    $2000 16
cassava

Evan
    $2000 17
The Scorpions

Evan
    $2000 18
(Audrey: Who is Danielle Steel?)

Nora Roberts

Audrey
Triple Stumper
    $2000 8
(Alex: And, appropriately enough, it's called [*]. Like Stonehenge.)

Carhenge

Triple Stumper
    $2000 7
(Evan: Who was Harry Truman?)
...
(Alex: Harry Truman was elected president.)

(Alben) Barkley

DavidEvan
    $2000 19
volte-face

David

Scores at the end of the Double Jeopardy! Round:

David Audrey Evan
$17,600 $800 $7,600
(lock game)

[wagering suggestions for these scores]

Final Jeopardy! Round responses

SLOGANS
AudreyWhat is Keep the streets clean?
$18
EvanWhat is Don't Mess w/Texas
$5,999
DavidWhat is Don't Mess with TEXAS?
$400
"Don't mess with Texas"

Final scores:

David Audrey Evan
$18,000 $782 $13,599
7-day champion: $173,500 3rd place: $1,000 2nd place: $2,000

Game dynamics:

Coryat scores:

David Audrey Evan
$18,000 -$200 $12,600
26 R
(including 1 DD),
2 W
4 R
(including 1 DD),
2 W
18 R,
5 W
(including 1 DD)

Combined Coryat: $30,400

[game clues] [game scores] [suggest correction]

Game tape date: 2004-12-15
The J! Archive is created by fans, for fans. Scraping, republication, monetization, and malicious use prohibited; this site may use cookies and collect identifying information. See terms. The Jeopardy! game show and all elements thereof, including but not limited to copyright and trademark thereto, are the property of Jeopardy Productions, Inc. and are protected under law. This website is not affiliated with, sponsored by, or operated by Jeopardy Productions, Inc. Join the discussion at JBoard.tv.